000 00555nam a2200181Ia 4500
008 090123s9999 xx 000 0 und d
082 _b37857
100 _aकणेकर शिरिष मधुकर
245 _aनानकटाई
250 _a1
260 _bदिलिप प्रकाशन
_c2005
300 _a196
600 _aकणेकर शिरिष मधुकर
630 _aनानकटाई
700 _aकणेकर शिरिष मधुकर
730 _aनानकटाई
942 _cBOOK
999 _c75989
_d75989